01371nam a2200361 a 4500001001000000003000900010005001700019008004100036020001800077040002300095049000900118082002700127100002900154245018000183260004000363300003700403500005700440504007300497650003800570650002200608650003500630650002500665650002600690650003300716650002000749650001600769700002900785700002700814910001500841942001200856952012400868999001700992000018507DO-SdBNP20210722125157.0100511s2009 dr c 000 0 spa d a9789993458791 aBPMSU bspacBPMSU aBNPD a333.72bG643m 20092221 aGonzález, Juan Antonio10aMedio ambiente y calentamiento global :b¿Apocalipsis o realidad? /cJuan Antonio González ; encargado de edición Candido Gerón ; corrección de pruebas Paula Batista. aSanto Domingo :bMonumental,c2009. a313 p. :bils., retrs. ;c23 cm. aIncluye datos biográficos del autor en las solapas aIncluye referencias bibliográficas y notas al pie de las páginas 4aConservación del medio ambiente 4aControl ambiental 4aCoservación de la naturaleza 4aCalentamiento global 4aEfecto de invernadero 4aSuelosxAspectos ambientales 4aDeforestación 4aEcosistemas1 aGern, Candido,eenc. ed.1 aBatista, Paula,ecorr. aVMateo V.  2ddccBK 00102ddc40708CDaBPMETbBPMETd2021-07-22l0oBPMSU CD 333.72 G643m 2009pBPMSU21070041r2021-07-22w2021-07-22yBK c13600d13600